[Event "28th European Club Cup"]
[Site "Eilat ISR"]
[Date "2012.10.12"]
[Round "2.7"]
[White "Huzman, Alexander"]
[Black "Steinberg, Nitzan"]
[Result "1-0"]
[WhiteTitle "GM"]
[WhiteElo "2591"]
[BlackElo "2370"]
[WhiteTeam "Beer Sheba"]
[BlackTeam "Petach Tikva"]
[WhiteFideId "2803828"]
[BlackFideId "2801795"]
[EventDate "2012.10.11"]
[EventType "team-swiss"]

1. Nf3 Nf6 2. c4 e6 3. g3 d5 4. Bg2 Be7 5. O-O O-O 6. d4 b6 7. cxd5 exd5 8. Nc3
Bb7 9. Bf4 Na6 10. Rc1 c5 11. Ne5 Ne4 12. dxc5 Naxc5 13. Nxe4 dxe4 14. b4 Ne6
15. Qb3 Nxf4 16. gxf4 Bd6 17. e3 Bxe5 18. fxe5 Qe7 19. Qb2 Rfe8 20. Rfd1 Rad8
21. b5 h5 22. a4 h4 23. h3 Rxd1+ 24. Rxd1 Qg5 25. Qd4 Rxe5 26. Qd8+ Kh7 27. Qxg5
Rxg5 28. Kf1 Bc8 29. Rc1 Be6 30. Bxe4+ g6 31. f4 Rg3 32. Kf2 Rxh3 33. Bg2 Rg3
34. Rc7 g5 35. Rxa7 gxf4 36. exf4 Rb3 37. Be4+ Kg7 38. f5 Bc4 39. Rc7 Rb4 40. a5
bxa5 41. b6 Ba6 42. b7 Kf6 43. Ke3 Ke5 44. Rc5+ Kd6 45. Rc6+ Ke5 46. b8=Q+ Rxb8
47. Rxa6 Rb3+ 48. Bd3 Ra3 49. Rb6 Ra4 50. Rc6 Ra1 51. Rc5+ Kf6 52. Kf4 Ra4+ 53.
Be4 h3 54. Rc6+ Ke7 55. Rh6 Ra3 56. Ke5 Re3 57. f6+ Kd7 58. Rxh3 1-0

[Event "28th European Club Cup"]
[Site "Eilat ISR"]
[Date "2012.10.12"]
[Round "2.7"]
[White "Botvinnik, Ilia"]
[Black "Nabaty, Tamir"]
[Result "1-0"]
[WhiteTitle "IM"]
[BlackTitle "GM"]
[WhiteElo "2372"]
[BlackElo "2586"]
[WhiteTeam "Petach Tikva"]
[BlackTeam "Beer Sheba"]
[WhiteFideId "2804832"]
[BlackFideId "2809052"]
[EventDate "2012.10.11"]
[EventType "team-swiss"]

1. d4 Nf6 2. c4 e6 3. Nf3 Bb4+ 4. Bd2 Qe7 5. g3 Nc6 6. Bg2 Bxd2+ 7. Nbxd2 d6 8.
e4 a5 9. Qe2 e5 10. d5 Nb4 11. O-O a4 12. c5 dxc5 13. Nc4 Nd7 14. a3 Na6 15.
Rfd1 O-O 16. d6 cxd6 17. Nxd6 Nf6 18. Qc2 Rd8 19. Nxc8 Rdxc8 20. Qxa4 Nb4 21.
Qb5 Nc6 22. Rac1 Nd4 23. Nxd4 cxd4 24. f3 Ne8 25. Bh3 Rxc1 26. Rxc1 g6 27. Bf1
Rd8 28. Bd3 h5 29. Kg2 Nd6 30. Qb4 Qg5 31. Rc2 h4 32. Qd2 Qh5 33. g4 Qh8 34. Qg5
Re8 35. Rc7 Re6 36. Rd7 Qf6 37. Qxf6 Rxf6 38. f4 h3+ 39. Kg1 Rxf4 40. Rxd6 Rxg4+
41. Kh1 Rg2 42. Rb6 Rd2 43. Bf1 Rd1 44. Kg1 f5 45. Rxg6+ Kf7 46. exf5 e4 47. Kf2
e3+ 48. Ke2 Rc1 49. Re6 Rc2+ 50. Kd3 Rd2+ 51. Kc4 b5+ 52. Kd5 Rxh2 53. Kxd4 Rd2+
54. Kxe3 h2 55. Rh6 Rxb2 56. Be2 Ra2 57. Rxh2 Rxa3+ 58. Kf4 Ra4+ 59. Kg5 1-0

[Event "28th European Club Cup"]
[Site "Eilat ISR"]
[Date "2012.10.12"]
[Round "2.7"]
[White "Postny, Evgeny"]
[Black "Bar, Roman"]
[Result "1/2-1/2"]
[WhiteTitle "GM"]
[BlackTitle "IM"]
[WhiteElo "2647"]
[BlackElo "2468"]
[WhiteTeam "Beer Sheba"]
[BlackTeam "Petach Tikva"]
[WhiteFideId "2804344"]
[BlackFideId "2803879"]
[EventDate "2012.10.11"]
[EventType "team-swiss"]

1. d4 Nf6 2. c4 e6 3. g3 Bb4+ 4. Bd2 Bxd2+ 5. Qxd2 d5 6. Bg2 c6 7. Nf3 Nbd7 8.
O-O O-O 9. Qc2 b6 10. Nc3 Ba6 11. Nd2 b5 12. cxd5 cxd5 13. b4 Qb6 14. Nb3 Bb7
15. Qd3 Bc6 16. Rfc1 Rab8 17. Rab1 h6 18. Rc2 a6 19. Rbc1 Rfc8 20. Nc5 Ne8 21.
e4 dxe4 22. Bxe4 Bxe4 23. N3xe4 Ndf6 24. Nd7 Rxc2 25. Nexf6+ Nxf6 26. Nxf6+ gxf6
27. Rxc2 Rd8 28. Rc5 Qd6 29. Qe3 Qxd4 30. Qxh6 Rd5 31. Rc8+ Rd8 32. Rxd8+ Qxd8
33. Qc1 Qd4 34. a3 Kg7 35. h4 Qd3 36. Kh2 Qf3 37. Qe3 Qf5 38. Kg2 Qc2 39. g4 Qc4
40. f3 Qd5 41. Qc3 e5 42. Qe3 Qd6 43. h5 Qd1 44. Kg3 Qh1 45. Kf2 Qh2+ 46. Ke1
Qc2 47. Kf1 Qh2 48. Qe2 Qg3 49. Qd3 Qh2 50. Ke1 Qb2 51. Kd1 Qf2 52. Kc1 Qa2 53.
Qe3 Qa1+ 54. Kd2 Qb2+ 55. Ke1 Qc2 56. Kf1 Qh2 57. Qe2 Qg3 58. Qf2 Qf4 59. Kg2
Qc1 60. Qa2 Qe3 61. Qb2 Kg8 62. Qa2 1/2-1/2

[Event "28th European Club Cup"]
[Site "Eilat ISR"]
[Date "2012.10.12"]
[Round "2.7"]
[White "Botvinnik, Mikhail"]
[Black "Greenfeld, Alon"]
[Result "0-1"]
[BlackTitle "GM"]
[WhiteElo "2340"]
[BlackElo "2559"]
[WhiteTeam "Petach Tikva"]
[BlackTeam "Beer Sheba"]
[WhiteFideId "2805650"]
[BlackFideId "2800039"]
[EventDate "2012.10.11"]
[EventType "team-swiss"]

1. Nf3 c5 2. c4 Nf6 3. g3 b6 4. Bg2 Bb7 5. O-O e6 6. Nc3 Be7 7. d4 cxd4 8. Qxd4
d6 9. b3 Nbd7 10. Bb2 a6 11. Rfd1 O-O 12. Qf4 Qc7 13. Rac1 Rac8 14. Ng5 Bxg2 15.
Kxg2 b5 16. cxb5 axb5 17. Qb4 Qb7+ 18. f3 Nc5 19. Nge4 d5 20. Nxc5 Rxc5 21. Qd4
Rfc8 22. e3 b4 23. Na4 Rc2+ 24. Rxc2 Rxc2+ 25. Rd2 Rc6 26. Qd3 Qc7 27. Qb5 Bd6
28. Kf2 h5 29. Ke2 e5 30. Kd1 Qc8 31. h3 Rc7 32. g4 hxg4 33. hxg4 d4 34. e4 Rc6
35. Qe2 Nh7 36. Ke1 Ng5 37. Kf2 Be7 38. Qb5 Rf6 0-1

[Event "28th European Club Cup"]
[Site "Eilat ISR"]
[Date "2012.10.12"]
[Round "2.9"]
[White "Van Wely, Loek"]
[Black "Edouard, Romain"]
[Result "1/2-1/2"]
[WhiteTitle "GM"]
[BlackTitle "GM"]
[WhiteElo "2688"]
[BlackElo "2664"]
[WhiteTeam "Gros Xake Taldea"]
[BlackTeam "Club d'Echecs Genève"]
[WhiteFideId "1000268"]
[BlackFideId "633429"]
[EventDate "2012.10.11"]
[EventType "team-swiss"]

1. Nf3 d5 2. d4 Nf6 3. c4 e6 4. Nc3 c5 5. cxd5 cxd4 6. Qxd4 exd5 7. Bg5 Be7 8.
e3 Nc6 9. Qd3 O-O 10. Be2 Be6 11. O-O Qb6 12. Qb5 Qxb5 13. Nxb5 h6 14. Bh4 g5
15. Bg3 Ne4 16. Nfd4 Nxd4 17. Nxd4 Nxg3 18. hxg3 Bf6 19. Rfd1 Rac8 20. Rab1 Rc7
21. Bd3 Bxd4 22. exd4 Kg7 23. f3 f6 24. Kf2 Bf7 25. Rbc1 Rfc8 26. Rxc7 Rxc7 27.
Ke3 Bg6 28. g4 h5 29. gxh5 Bxh5 30. Kd2 Bg6 31. Re1 Bxd3 32. Kxd3 Kf7 33. g4 Rc6
34. Rh1 Kg7 35. Re1 Kf7 36. Rh1 Kg7 37. Re1 Kf7 1/2-1/2

[Event "28th European Club Cup"]
[Site "Eilat ISR"]
[Date "2012.10.12"]
[Round "2.9"]
[White "Vuilleumier, Alexandre"]
[Black "Bauer, Christian"]
[Result "0-1"]
[WhiteTitle "IM"]
[BlackTitle "GM"]
[WhiteElo "2326"]
[BlackElo "2664"]
[WhiteTeam "Club d'Echecs Genève"]
[BlackTeam "Gros Xake Taldea"]
[WhiteFideId "1305662"]
[BlackFideId "603767"]
[EventDate "2012.10.11"]
[EventType "team-swiss"]

1. Nf3 f5 2. g3 Nf6 3. Bg2 d6 4. d4 g6 5. O-O Bg7 6. b3 O-O 7. Bb2 c6 8. Nbd2
Na6 9. Re1 Ne4 10. Nxe4 fxe4 11. Nd2 d5 12. f3 exf3 13. Nxf3 Bf5 14. Qd2 Nc5 15.
Nh4 Ne4 16. Qe3 e6 17. c4 Bf6 18. Nxf5 exf5 19. Bxe4 fxe4 20. Rf1 Qe7 21. cxd5
cxd5 22. Qd2 Bg5 23. Qa5 Qd7 24. a4 Rac8 25. Qb5 Rxf1+ 26. Kxf1 Qf7+ 27. Kg1 a6
28. Qb6 Rc2 0-1

[Event "28th European Club Cup"]
[Site "Eilat ISR"]
[Date "2012.10.12"]
[Round "2.9"]
[White "Landa, Konstantin"]
[Black "Gerber, Richard"]
[Result "1-0"]
[WhiteTitle "GM"]
[BlackTitle "IM"]
[WhiteElo "2641"]
[BlackElo "2421"]
[WhiteTeam "Gros Xake Taldea"]
[BlackTeam "Club d'Echecs Genève"]
[WhiteFideId "4101685"]
[BlackFideId "1300652"]
[EventDate "2012.10.11"]
[EventType "team-swiss"]

1. d4 Nf6 2. c4 g6 3. Nc3 Bg7 4. e4 d6 5. Nf3 O-O 6. Be2 e5 7. O-O exd4 8. Nxd4
Re8 9. f3 c6 10. Kh1 Nh5 11. g4 Nf6 12. Be3 h5 13. g5 Nfd7 14. Qd2 a6 15. Rad1
b5 16. Nc2 Bf8 17. Bf4 bxc4 18. Bxd6 Bxd6 19. Qxd6 Qxg5 20. Rg1 Qf6 21. Ne3 Qxd6
22. Rxd6 Ne5 23. f4 Nd3 24. f5 Ra7 25. fxg6 Bg4 26. gxf7+ Kxf7 27. Bxg4 Nf2+ 28.
Kg2 Nxg4 29. Rf1+ Kg8 30. Nxg4 Rg7 31. Rf4 hxg4 32. Kg3 Nd7 33. Rxc6 Rb8 34.
Rxa6 Rxb2 35. Nd5 Rd2 36. Ra3 Rd1 37. Ne3 Rg1+ 38. Kf2 Rh1 39. Nf5 Rg5 40. Ra8+
Kh7 41. Ra7 Rd1 42. Ne3 Rd2+ 43. Ke1 Rd4 44. Rf7+ Rg7 45. Rxg7+ Kxg7 46. Nf5+ 1-0

[Event "28th European Club Cup"]
[Site "Eilat ISR"]
[Date "2012.10.12"]
[Round "2.9"]
[White "Duport, Nicolas"]
[Black "Franco Alonso, Alejandro"]
[Result "1/2-1/2"]
[BlackTitle "IM"]
[WhiteElo "2199"]
[BlackElo "2479"]
[WhiteTeam "Club d'Echecs Genève"]
[BlackTeam "Gros Xake Taldea"]
[WhiteFideId "1314424"]
[BlackFideId "2214067"]
[EventDate "2012.10.11"]
[EventType "team-swiss"]

1. e4 c5 2. Nf3 e6 3. d4 cxd4 4. Nxd4 Nf6 5. Nc3 d6 6. g4 h6 7. h4 a6 8. Rg1 d5
9. exd5 Nxd5 10. Nxd5 Qxd5 11. Be3 Bd7 12. Qd2 Nc6 13. Bg2 Qa5 14. Nxc6 Qxd2+
15. Kxd2 Bxc6 16. Bxc6+ bxc6 17. c4 h5 18. g5 O-O-O+ 19. Kc2 Be7 20. a3 Rd7 21.
Rgd1 Rhd8 22. Rxd7 Rxd7 23. b4 e5 24. Rb1 f6 25. Kc3 fxg5 26. hxg5 e4 27. Rh1
Rd3+ 28. Kb2 g6 29. Rh4 Kd7 30. Rxe4 Rd1 31. c5 Rd5 32. f4 Rd3 33. a4 h4 34. b5
axb5 35. axb5 h3 36. bxc6+ Kxc6 37. Rxe7 h2 38. Rh7 Rxe3 39. Rxh2 Rf3 40. Rh6
Kxc5 41. Rxg6 Rxf4 42. Rf6 Rxf6 43. gxf6 Kd6 44. f7 Ke7 45. Kc3 Kxf7 1/2-1/2

[Event "28th European Club Cup"]
[Site "Eilat ISR"]
[Date "2012.10.12"]
[Round "2.9"]
[White "Gonzalez De La Torre, Santiago"]
[Black "Preissmann, Emmanuel"]
[Result "1-0"]
[WhiteTitle "IM"]
[BlackTitle "FM"]
[WhiteElo "2442"]
[BlackElo "2222"]
[WhiteTeam "Gros Xake Taldea"]
[BlackTeam "Club d'Echecs Genève"]
[WhiteFideId "2221667"]
[BlackFideId "1300342"]
[EventDate "2012.10.11"]
[EventType "team-swiss"]

1. c4 e6 2. Nc3 d5 3. d4 c6 4. Nf3 dxc4 5. Bg5 Be7 6. Bxe7 Nxe7 7. a4 Nd5 8. e4
Nxc3 9. bxc3 Qa5 10. Qc1 c5 11. Bxc4 cxd4 12. O-O O-O 13. cxd4 Nd7 14. e5 Nb6
15. Bd3 Nd5 16. Ra3 h6 17. Bb1 Bd7 18. Qc2 g6 19. Nh4 Rfc8 20. Qe4 Be8 21. Rg3
Qd2 22. Nxg6 fxg6 23. Rxg6+ Bxg6 24. Qxg6+ Kf8 25. f4 Qe3+ 26. Kh1 Rc7 27. Qxe6
Rd8 28. Qxh6+ Rg7 29. Qh8+ Rg8 30. Qh5 Rd7 31. Bg6 Ne7 32. f5 Nxg6 33. fxg6+ Ke8
34. Qf5 Qb3 35. e6 Rc7 36. d5 Qc2 37. Qf7+ Rxf7 38. gxf7+ Kf8 39. e7+ 1-0

[Event "28th European Club Cup"]
[Site "Eilat ISR"]
[Date "2012.10.12"]
[Round "2.9"]
[White "Kovacevic, Vladimir"]
[Black "Argandona Riveiro, Inigo"]
[Result "1-0"]
[BlackTitle "IM"]
[WhiteElo "2210"]
[BlackElo "2402"]
[WhiteTeam "Club d'Echecs Genève"]
[BlackTeam "Gros Xake Taldea"]
[WhiteFideId "906662"]
[BlackFideId "2212072"]
[EventDate "2012.10.11"]
[EventType "team-swiss"]

1. e4 g6 2. Nc3 Bg7 3. g3 e6 4. Bg2 Ne7 5. Nge2 d5 6. d3 d4 7. Nb1 c5 8. O-O
Nbc6 9. a4 e5 10. Na3 Be6 11. b3 Qd7 12. Nc4 O-O 13. f4 f6 14. Bd2 h6 15. Kh1 g5
16. Ng1 Rab8 17. Rf2 b6 18. Qf1 Nb4 19. Na3 a6 20. h4 g4 21. f5 Bf7 22. h5 Bxh5
23. Qd1 Kh7 24. Bf1 Rg8 25. Rh2 Qe8 26. Nc4 Nc8 27. Be2 Bf8 28. Na3 Rb7 29. Nh3
Rbg7 30. Nf2 Kh8 31. Kg2 Nd6 32. Qh1 Rg5 33. Rh4 Nxf5 34. exf5 Rxf5 35. Ne4 Nd5
36. Rf1 Rxf1 37. Kxf1 Bg6 38. Nf2 Qc6 39. Nxg4 Ne3+ 40. Nxe3 Qxh1+ 41. Rxh1 dxe3
42. Bxe3 Kh7 43. Nc4 b5 44. axb5 axb5 45. Nd2 Be8 46. Ne4 Bg7 47. Bxh6 Bxh6 48.
Nxf6+ Kg7 49. Nxg8 Bg5 50. Bf3 Kxg8 51. Be4 Bf7 52. Ke2 Kg7 53. Ra1 Be7 54. Ra7
Kf8 55. b4 cxb4 56. Bc6 b3 57. cxb3 b4 58. Bb5 e4 59. dxe4 Bxb3 60. Kd3 Bd1 61.
Bc4 Bd6 62. Rf7+ Ke8 63. Rf1 Bg4 64. e5 Bh3 65. Rh1 Bf5+ 66. Kd4 Bf8 67. Rh2 Bg7
68. Rf2 Bg6 69. g4 Bf8 70. Rxf8+ Kxf8 71. Kc5 Bf7 72. Kxb4 Bg6 73. Be6 Ke7 74.
Bf5 Be8 75. Kc5 Ba4 76. Kd4 Bd1 77. Ke3 Kf7 78. Kf4 Bb3 79. Kg5 Kg7 80. Bd7 Kf7
81. Kh6 Ke7 82. Bf5 Kf8 83. Kh7 Bg8+ 84. Kh8 Bf7 85. g5 Ke7 86. Kg7 Bb3 87. g6 1-0

[Event "28th European Club Cup"]
[Site "Eilat ISR"]
[Date "2012.10.12"]
[Round "2.10"]
[White "Tan, Matthew"]
[Black "Brkic, Ante"]
[Result "1-0"]
[WhiteTitle "IM"]
[BlackTitle "GM"]
[WhiteElo "2425"]
[BlackElo "2575"]
[WhiteTeam "Amay"]
[BlackTeam "Siroki Brijeg"]
[WhiteFideId "1011316"]
[BlackFideId "14506688"]
[EventDate "2012.10.11"]
[EventType "team-swiss"]

1. e4 e5 2. Bc4 Nf6 3. d3 c6 4. Nf3 d5 5. Bb3 a5 6. a3 Bd6 7. Nc3 d4 8. Ne2 Na6
9. c3 dxc3 10. bxc3 Nc5 11. Bc2 O-O 12. O-O Re8 13. Ng3 a4 14. Be3 Qa5 15. Qb1
Be6 16. d4 Nb3 17. Bxb3 axb3 18. dxe5 Bxe5 19. Nxe5 Qxe5 20. Bd4 Qb5 21. a4 Qc4
22. f4 Rad8 23. Bxf6 gxf6 24. f5 Bc8 25. Qc1 Kh8 26. Qh6 Rd6 27. Rad1 Qc5+ 28.
Kh1 Rg8 29. Rxd6 Qxd6 30. Nh5 Bd7 31. h3 c5 32. Qxf6+ Qxf6 33. Nxf6 Bc6 34. Nxg8
Kxg8 35. Re1 b5 36. axb5 Bxb5 37. Rb1 c4 38. Rb2 Kg7 39. Kg1 Kf6 40. Kf2 Ke5 41.
Kf3 Bc6 42. Re2 f6 43. g4 h6 44. h4 Be8 45. Kg3 Bf7 46. g5 Bh5 47. Rh2 1-0

[Event "28th European Club Cup"]
[Site "Eilat ISR"]
[Date "2012.10.12"]
[Round "2.10"]
[White "Kurajica, Bojan"]
[Black "Broekmeulen, Jasper"]
[Result "1/2-1/2"]
[WhiteTitle "GM"]
[BlackTitle "FM"]
[WhiteElo "2558"]
[BlackElo "2410"]
[WhiteTeam "Siroki Brijeg"]
[BlackTeam "Amay"]
[WhiteFideId "14400057"]
[BlackFideId "1013440"]
[EventDate "2012.10.11"]
[EventType "team-swiss"]

1. Nf3 d6 2. d4 g6 3. g3 Bg7 4. Bg2 Nd7 5. O-O e5 6. c4 Ne7 7. Nc3 O-O 8. e3 f5
9. Ng5 Nf6 10. dxe5 dxe5 11. Qb3 e4 12. Rd1 Qe8 13. Nb5 Qc6 14. Nd4 Qb6 15. Qxb6
axb6 16. Nb5 Ne8 17. Rd8 c6 18. Nd4 Nc7 19. Rxf8+ Bxf8 20. Bd2 h6 21. Nh3 c5 22.
Ne2 Be6 23. b3 b5 24. cxb5 Nxb5 25. Bf1 Bg7 26. Rd1 g5 27. Be1 Kf7 28. Nc1 Nc7
29. Kg2 b5 30. Ng1 Ned5 31. Nge2 Ke7 32. Rd2 Nb4 33. g4 fxg4 34. Kg1 Ncd5 35.
Bg2 Nc3 36. Ng3 Nbxa2 37. Nxa2 Rxa2 38. Rxa2 Nxa2 39. Nxe4 c4 40. bxc4 bxc4 41.
Nc5 Bf7 42. Be4 Kd6 43. Nb7+ Kc7 44. Ba5+ Kb8 45. Nd8 Be8 46. Ne6 Be5 47. Bd5
Bb5 48. Nd4 Bxd4 49. exd4 Nc1 50. Be4 Ne2+ 51. Kf1 Nxd4 52. Bc3 Nf3 53. Kg2 Nh4+
54. Kg3 Bd7 55. Bd5 Nf5+ 56. Kg2 Nh4+ 57. Kg3 Nf5+ 58. Kg2 Nh4+ 59. Kg3 Nf5+ 60.
Kg2 1/2-1/2

[Event "28th European Club Cup"]
[Site "Eilat ISR"]
[Date "2012.10.12"]
[Round "2.10"]
[White "Memeti, Kastriot"]
[Black "Dizdarevic, Emir"]
[Result "0-1"]
[BlackTitle "GM"]
[WhiteElo "2189"]
[BlackElo "2491"]
[WhiteTeam "Amay"]
[BlackTeam "Siroki Brijeg"]
[WhiteFideId "204390"]
[BlackFideId "14400049"]
[EventDate "2012.10.11"]
[EventType "team-swiss"]

1. d4 d5 2. Nf3 Nf6 3. c3 g6 4. Bf4 Nh5 5. Bg5 h6 6. Bh4 c6 7. e3 Qb6 8. Qc1 Bg7
9. Bd3 c5 10. Nbd2 Nc6 11. a3 e5 12. dxe5 Nxe5 13. Nxe5 Bxe5 14. Be2 Bf6 15.
Bxf6 Nxf6 16. O-O O-O 17. c4 a5 18. cxd5 Nxd5 19. Rd1 Rd8 20. Nc4 Qc7 21. e4 Nb6
22. Rxd8+ Qxd8 23. Qxh6 Nxc4 24. Bxc4 Qb6 25. Rd1 Be6 26. Bxe6 Qxe6 27. f3 c4
28. Rd5 Qb6+ 29. Kf1 Qxb2 30. e5 c3 31. e6 Qb1+ 32. Ke2 Qa2+ 0-1

[Event "28th European Club Cup"]
[Site "Eilat ISR"]
[Date "2012.10.12"]
[Round "2.10"]
[White "Bogut, Zeljko"]
[Black "Noiroux, Kevin"]
[Result "1/2-1/2"]
[WhiteTitle "IM"]
[WhiteElo "2441"]
[BlackElo "2176"]
[WhiteTeam "Siroki Brijeg"]
[BlackTeam "Amay"]
[WhiteFideId "14505207"]
[BlackFideId "204234"]
[EventDate "2012.10.11"]
[EventType "team-swiss"]

1. d4 Nf6 2. Bg5 e6 3. e4 h6 4. Bxf6 Qxf6 5. Nc3 d6 6. Qd2 g6 7. O-O-O Bg7 8. f4
Qe7 9. Nf3 c6 10. h4 e5 11. fxe5 dxe5 12. d5 O-O 13. h5 g5 14. Be2 Nd7 15. Kb1
Nb6 16. d6 Qe8 17. Rdf1 Be6 18. Nxg5 hxg5 19. h6 f6 20. hxg7 Kxg7 21. Nd1 Rh8
22. Ne3 Rxh1 23. Rxh1 Qd7 24. b3 Rd8 25. Rd1 Nc8 26. Bc4 Bg4 27. Be2 Be6 28. Bc4
Bg4 29. Be2 Be6 30. Bc4 Bg4 1/2-1/2

[Event "28th European Club Cup"]
[Site "Eilat ISR"]
[Date "2012.10.12"]
[Round "2.10"]
[White "Block, Wolfgang"]
[Black "Dimitrijevic, Aleksandra"]
[Result "0-1"]
[BlackTitle "WFM"]
[WhiteElo "2101"]
[BlackElo "2270"]
[WhiteTeam "Amay"]
[BlackTeam "Siroki Brijeg"]
[WhiteFideId "24665185"]
[BlackFideId "929239"]
[EventDate "2012.10.11"]
[EventType "team-swiss"]

1. d4 d5 2. c4 c6 3. Nf3 Nf6 4. Nc3 e6 5. Bg5 h6 6. Bxf6 Qxf6 7. e3 Bd6 8. Bd3
Qe7 9. O-O O-O 10. e4 dxe4 11. Nxe4 Bf4 12. Qe2 Nd7 13. Rfd1 Re8 14. a3 b6 15.
b4 Bb7 16. Rab1 Bc7 17. Bc2 Nf8 18. Ng3 a5 19. Ne5 axb4 20. axb4 Red8 21. Be4
Bxe5 22. dxe5 Rxd1+ 23. Qxd1 Rd8 24. Qe2 Rd4 25. f4 Ba6 26. b5 cxb5 27. cxb5 Qc5
28. Qf2 Bxb5 29. Bf3 Rb4 30. Rd1 Rxf4 31. Qxc5 bxc5 32. Rd8 Rd4 33. Rb8 Bd3 34.
Kf2 Rb4 35. Rd8 c4 36. Ke3 Rb5 37. Kd4 g6 38. Bc6 Ra5 39. Rc8 Kg7 40. Rc7 Ra2
41. Ke3 Rb2 42. Be4 Rb5 43. Kd4 Bxe4 44. Nxe4 Rd5+ 45. Kxc4 Nd7 46. Kc3 Nxe5 47.
Nc5 Kf6 48. Ne4+ Kf5 49. Ng3+ Kf6 50. Ne4+ Kg7 51. Nc5 Rd6 52. Ra7 g5 53. Ne4
Rd3+ 54. Kc2 Rd4 55. Nd2 Nc4 56. Nf3 Ne3+ 57. Kc3 Rf4 58. Nd4 Nd5+ 59. Kd3 Nb4+ 0-1

[Event "28th European Club Cup"]
[Site "Eilat ISR"]
[Date "2012.10.12"]
[Round "2.11"]
[White "Timofeev, Artyom"]
[Black "Johannessen, Leif Erlend"]
[Result "1-0"]
[WhiteTitle "GM"]
[BlackTitle "GM"]
[WhiteElo "2631"]
[BlackElo "2520"]
[WhiteTeam "Schachgesellschaft Zürich"]
[BlackTeam "Oslo Schakselskap"]
[WhiteFideId "4140419"]
[BlackFideId "1501674"]
[EventDate "2012.10.11"]
[EventType "team-swiss"]

1. e4 e5 2. Nf3 Nc6 3. Bb5 a6 4. Ba4 Nf6 5. O-O b5 6. Bb3 Bb7 7. d3 Bd6 8. a4 h6
9. Na3 O-O 10. Bd2 Bxa3 11. Rxa3 d5 12. exd5 Nxd5 13. axb5 axb5 14. Rxa8 Bxa8
15. Re1 Re8 16. Qa1 Qd6 17. Qa2 Rd8 18. Bc3 f6 19. Qa6 Qc5 20. Nd2 b4 21. Ne4
Qf8 22. Bxd5+ Rxd5 23. Qc4 Qf7 24. Bxb4 Nd4 25. Bc5 Kh7 26. Bxd4 exd4 27. Ra1 f5
28. Rxa8 fxe4 29. dxe4 1-0

[Event "28th European Club Cup"]
[Site "Eilat ISR"]
[Date "2012.10.12"]
[Round "2.11"]
[White "Brunner, Lucas"]
[Black "Stubberud, Ornulf"]
[Result "1/2-1/2"]
[WhiteTitle "GM"]
[BlackTitle "FM"]
[WhiteElo "2448"]
[BlackElo "2309"]
[WhiteTeam "Schachgesellschaft Zürich"]
[BlackTeam "Oslo Schakselskap"]
[WhiteFideId "1300024"]
[BlackFideId "1503758"]
[EventDate "2012.10.11"]
[EventType "team-swiss"]

1. Nf3 Nf6 2. c4 g6 3. g3 Bg7 4. Bg2 O-O 5. O-O d6 6. d4 Nc6 7. Nc3 a6 8. Bg5 h6
9. Bf4 Nd7 10. Rc1 e5 11. dxe5 dxe5 12. Be3 f5 13. Nd5 g5 14. Rc2 e4 15. Nd4
Nxd4 16. Bxd4 c6 17. Nc3 Bxd4 18. Qxd4 Nf6 19. Rd1 Qxd4 20. Rxd4 Be6 21. f3 exf3
22. Bxf3 Rad8 23. Rcd2 Rxd4 24. Rxd4 Kf7 25. b3 Ke7 26. Kf2 Nd7 27. Ke3 Rd8 28.
Rd1 Rf8 29. Rd4 Rd8 30. Rd1 Rf8 31. Rd4 Rd8 1/2-1/2

[Event "28th European Club Cup"]
[Site "Eilat ISR"]
[Date "2012.10.12"]
[Round "2.11"]
[White "Dolzhikova, Olga"]
[Black "Vogt, Lothar"]
[Result "0-1"]
[WhiteTitle "WGM"]
[BlackTitle "GM"]
[WhiteElo "2286"]
[BlackElo "2397"]
[WhiteTeam "Oslo Schakselskap"]
[BlackTeam "Schachgesellschaft Zürich"]
[WhiteFideId "14105870"]
[BlackFideId "4611292"]
[EventDate "2012.10.11"]
[EventType "team-swiss"]

1. e4 c5 2. c3 d5 3. exd5 Qxd5 4. d4 e6 5. Nf3 Nf6 6. Bd3 Be7 7. O-O O-O 8. Qe2
cxd4 9. cxd4 Nc6 10. Rd1 b6 11. Nc3 Qh5 12. Ne4 Bb7 13. Ng3 Qd5 14. Bc4 Qd6 15.
Be3 Rac8 16. Rd2 Nb4 17. Ne5 Bd5 18. b3 Nd7 19. Bf4 Nxe5 20. dxe5 Qc6 21. Qg4 g6
22. Bf1 Rfd8 23. Bg5 Qe8 24. Bxe7 Qxe7 25. Nh5 Nc6 26. Nf6+ Kg7 27. f4 Qc5+ 28.
Kh1 Ne7 29. Qh4 h6 30. Nxd5 Rxd5 31. Rxd5 Nxd5 32. Re1 Qd4 33. Bc4 Qxf4 34. Qh3
Qf2 35. Rf1 Rxc4 36. Qd3 Rd4 0-1

[Event "28th European Club Cup"]
[Site "Eilat ISR"]
[Date "2012.10.12"]
[Round "2.11"]
[White "Goldstern, Filip"]
[Black "Persson, Mats"]
[Result "0-1"]
[WhiteTitle "FM"]
[WhiteElo "2334"]
[BlackElo "2234"]
[WhiteTeam "Schachgesellschaft Zürich"]
[BlackTeam "Oslo Schakselskap"]
[WhiteFideId "1000730"]
[BlackFideId "1708333"]
[EventDate "2012.10.11"]
[EventType "team-swiss"]

1. d4 Nf6 2. c4 e6 3. Nc3 Bb4 4. e3 O-O 5. Bd3 d5 6. Nf3 c5 7. O-O Nc6 8. a3
Bxc3 9. bxc3 b6 10. cxd5 exd5 11. a4 c4 12. Be2 Ne4 13. Bb2 Na5 14. Ra3 Nb3 15.
Ne5 Be6 16. f3 Nd6 17. Rxb3 cxb3 18. Qxb3 Rc8 19. Ba6 Rc7 20. Ba3 Re8 21. Qb4 f6
22. Qxd6 fxe5 23. Bb5 Rxc3 24. Bxe8 Qxe8 25. a5 exd4 26. exd4 Rc6 27. Qf4 h6 28.
axb6 axb6 29. Rb1 Kh7 30. Bd6 Qg6 31. Rb2 Qd3 32. Bb4 Qd1+ 33. Kf2 Rc1 34. Kg3
Rc4 35. Bd2 Rc6 36. h3 Qa1 37. Rb4 Qa2 38. Qe3 Bf5 39. Qf4 Bg6 40. Kf2 Rc2 41.
Ke2 Qa6+ 42. Ke1 Qa1+ 43. Ke2 Qg1 44. Qg3 Rc6 45. Bf4 Bc2 46. Qh2 Bd1+ 0-1

[Event "28th European Club Cup"]
[Site "Eilat ISR"]
[Date "2012.10.12"]
[Round "2.12"]
[White "Sprenger, Jan Michael"]
[Black "Bok, Benjamin"]
[Result "0-1"]
[WhiteTitle "IM"]
[BlackTitle "IM"]
[WhiteElo "2491"]
[BlackElo "2530"]
[WhiteTeam "De Stukkenjagers"]
[BlackTeam "Eynatten"]
[WhiteFideId "4646258"]
[BlackFideId "1017063"]
[EventDate "2012.10.11"]
[EventType "team-swiss"]

1. e4 e5 2. Nf3 Nc6 3. Bb5 Nf6 4. O-O Nxe4 5. d4 Nd6 6. Bxc6 dxc6 7. dxe5 Nf5 8.
Qxd8+ Kxd8 9. Nc3 Ke8 10. h3 h5 11. Bf4 Be7 12. Rad1 Be6 13. Ng5 Rh6 14. Nxe6
Rxe6 15. Rd3 g5 16. Bh2 Rd8 17. Rxd8+ Kxd8 18. Ne4 c5 19. Rd1+ Kc8 20. c3 Rb6
21. Rd2 Ra6 22. b3 c4 23. b4 Ra3 24. f3 b5 25. Kf2 a5 26. g4 hxg4 27. fxg4 Ng7
28. bxa5 Ne6 29. Rc2 Nc5 30. Nxc5 Bxc5+ 31. Ke2 Kd7 32. Bg3 Ke6 33. Kf3 Bd4 34.
Be1 Bxe5 35. Bd2 f6 36. Ke4 Rxa5 37. Be3 Ra8 38. Bd4 Rh8 39. Bxe5 fxe5 40. Rf2
Rxh3 41. Rf5 Kd6 42. Rxe5 Re3+ 43. Kxe3 Kxe5 44. a3 Kd5 45. Kf3 c6 46. Ke3 c5
47. Kf3 b4 48. axb4 cxb4 49. cxb4 Kc6 0-1